Central Library OPAC University of Rajshahi

Computer organization and design / (Record no. 14987)

MARC details
000 -LEADER
fixed length control field 00741nam a22002537a 4500
001 - CONTROL NUMBER
control field 14987
003 - CONTROL NUMBER IDENTIFIER
rucl marc code BD-RjUL
005 - DATE AND TIME OF LATEST TRANSACTION
control field 20211208235729.0
008 - FIXED-LENGTH DATA ELEMENTS--GENERAL INFORMATION
fixed length control field 140209s20051999ii ||||| |||| 00| 0 eng d
020 ## - INTERNATIONAL STANDARD BOOK NUMBER
International Standard Book Number 8120312546
035 ## - SYSTEM CONTROL NUMBER
System control number (BD-RjUL)15041
040 ## - CATALOGING SOURCE
Original cataloging agency BD-RjUL
Language of cataloging eng
Transcribing agency BD-RjUL
Modifying agency BD-RjUL
041 ## - LANGUAGE CODE
Language code of text/sound track or separate title eng
082 ## - DEWEY DECIMAL CLASSIFICATION NUMBER
Classification number 621.4832
Author mark and year CHC 2005
100 ## - MAIN ENTRY--PERSONAL NAME
Personal name Chaudhuri ,Parimal Pal .
9 (RLIN) 46644
245 ## - TITLE STATEMENT
Title Computer organization and design /
Remainder of title Parimal Pal Chaudhuri
260 ## - PUBLICATION, DISTRIBUTION, ETC. (IMPRINT)
Place of publication, distribution, etc. New Delhi :
Name of publisher, distributor, etc. Prentice-Hall of India,
Date of publication, distribution, etc. 2005.
300 ## - PHYSICAL DESCRIPTION
Pagination xiii, 959 p. :
Illustrations ill. ;
Size 25 cm.
500 ## - GENERAL NOTE
General note "Eastern economy edition"--Cover.
650 ## - SUBJECT ADDED ENTRY--TOPICAL TERM
Source of heading or term Computers.
651 ## - SUBJECT ADDED ENTRY--GEOGRAPHIC NAME
Source of heading or term Computer organization.
942 ## - ADDED ENTRY ELEMENTS (KOHA)
Source of classification or shelving scheme Dewey Decimal Classification
Koha item type Books
Holdings
Lost status Source of classification or shelving scheme Damaged status Not for loan Collection code Permanent Location Current Location Shelving location Date acquired Source of acquisition Cost, normal purchase price Total Checkouts Full call number Date last seen Copy number Koha item type
  Dewey Decimal Classification     Non-fiction Central Library, University of Rajshahi Central Library, University of Rajshahi   01/06/2006 Dhaka, Paragon Enterprises Ltd 350.00   621.4832 CHC 2005 09/02/2014 C-3 Books